000 00937nas a2200313 4500
001 BR0701650
003 BR-BrBNA
005 20231205110654.0
007 ta
008 230509b bl.|||p| |||| 00| 00por d
040 _aBR-BrBNA
_bpor
_cBiblioteca Nacional de Agricultura
041 _a(Pt)
072 _aF03
100 1 _aMelo, P.R.B. de
100 1 _aOliveira, J.A.
100 1 _aPinto, J.E.B.P.
100 1 _aCastro, E.M. de
100 1 _aVieira, A.R.
100 1 _aEvangelista, J.R.E.
245 1 _aGerminação de aquênios de arnica (Lychnophora pinaster Mart.)armazenados em diferentes condições
650 _aARNICA
650 _aSEMENTE
650 _aGERMINAÇÃO
650 _aMATURAÇÃO
650 _aPLANTA MEDICINAL
773 0 _tCiência e Agrotecnologia (Brazil)
_xISSN 1413-7054
_g(Jan-Feb 2007), v. 31(1) p. 75-82
_wBR0701650
909 _a202311
_bLúcia
_c55
_dLúcia Elande
942 _2AGRIS
_n0
_cANA
999 _c188468
_d188468